| 000 | 00921nam a22003017a 4500 | ||
|---|---|---|---|
| 003 | CHAP | ||
| 005 | 20220329134806.0 | ||
| 008 | 971013s1979 r 00010 d | ||
| 010 | _a26001 | ||
| 011 | _a26973 | ||
| 035 | _a31074 | ||
| 040 | _cCHAP | ||
| 090 | _aFolleto 11530 | ||
| 110 |
_aInternational Organization for Standardization _959760 |
||
| 245 |
_aDocumentation _b: Abstract sheets in serial publications |
||
| 260 |
_a(s.l.) : _bThe Organization, _c1979 |
||
| 300 | _a5 h | ||
| 490 |
_aISO _v; 5122 |
||
| 590 |
_aBATCH-UPD _b10 _c20130110 _lUCH01 _h2152 |
||
| 590 |
_aBATCH-UPD _b10 _c20130410 _lUCH01 _h1500 |
||
| 590 |
_aBATCH-UPD _b10 _c20130914 _lUCH01 _h2051 |
||
| 590 |
_aCONVERSION _b10 _c20130109 _lUCH01 _h1315 |
||
| 650 | 1 | 4 |
_aTrabajos cientÃficos _xResúmenes. _9114563 |
| 830 | 0 |
_aISO _v; 5122 _960623 |
|
| 901 | _aBK | ||
| 942 | _cFOLL | ||
| 949 |
_aFolleto 11530 _bBC _cFOLL _d-71972 _eTS1 _i31074 _si |
||
| 999 |
_c26001 _d26001 |
||